Právny systém v Slovenskej republike II.
Salvato in:
| Autore principale: | |
|---|---|
| Altri autori: | , , , |
| Natura: | Libro |
| Lingua: | slovacco |
| Pubblicazione: |
Bratislava
SÚVAHA
2001
|
| Soggetti: | |
| Tags: |
Nessun Tag, puoi essere il primo ad aggiungerne!!
|
MARC
| LEADER | 00000nam a2200000 4500 | ||
|---|---|---|---|
| 001 | c124291 | ||
| 005 | 20221124102050.8 | ||
| 020 | |a 80-88727-38-3 | ||
| 041 | 0 | |a slo | |
| 044 | |a SK | ||
| 245 | 1 | 0 | |a Právny systém v Slovenskej republike II. |c Ivan Schultz a kolektív |
| 264 | 1 | |a Bratislava |b SÚVAHA |c 2001 | |
| 300 | |a 224 s. | ||
| 610 | 2 | 0 | |a právo |
| 610 | 2 | 0 | |a systémy právne |
| 610 | 2 | 0 | |a normy právne |
| 610 | 2 | 0 | |a právo správne |
| 610 | 2 | 0 | |a právo štátne |
| 610 | 2 | 0 | |a právo občianske |
| 610 | 2 | 0 | |a právo trestné |
| 610 | 2 | 0 | |a zákony |
| 610 | 2 | 0 | |a Slovensko |
| 610 | 2 | 0 | |a značky výrobné |
| 610 | 2 | 0 | |a licencie |
| 610 | 2 | 0 | |a právo hospodárske |
| 100 | 1 | |a Schultz, Ivan | |
| 700 | 1 | |a Jánošíková, Alžbeta | |
| 700 | 1 | |a Schultzová, Anna | |
| 700 | 1 | |a Sabo, Mikuláš | |
| 700 | 1 | |a Zubaľová, Alena, 1959- | |